<?xml version="1.0" encoding="UTF-8"?>
<collection xmlns="http://www.loc.gov/MARC21/slim">
 <record>
  <leader>05424cam a2200937   4500</leader>
  <controlfield tag="001">747160821</controlfield>
  <controlfield tag="003">DE-627</controlfield>
  <controlfield tag="005">20240924203537.0</controlfield>
  <controlfield tag="007">tu</controlfield>
  <controlfield tag="008">130529s2014    gw |||||      00| ||ger c</controlfield>
  <datafield tag="015" ind1=" " ind2=" ">
   <subfield code="a">13,N22</subfield>
   <subfield code="2">dnb</subfield>
  </datafield>
  <datafield tag="016" ind1="7" ind2=" ">
   <subfield code="a">1034546937</subfield>
   <subfield code="2">DE-101</subfield>
  </datafield>
  <datafield tag="020" ind1=" " ind2=" ">
   <subfield code="a">3534257987</subfield>
   <subfield code="c">Leinenausgabe : EUR 129.90 (DE)</subfield>
   <subfield code="9">3-534-25798-7</subfield>
  </datafield>
  <datafield tag="020" ind1=" " ind2=" ">
   <subfield code="a">9783534263950</subfield>
   <subfield code="c">Lederausgabe</subfield>
   <subfield code="9">978-3-534-26395-0</subfield>
  </datafield>
  <datafield tag="020" ind1=" " ind2=" ">
   <subfield code="a">9783534257980</subfield>
   <subfield code="c"> : Leinenausgabe : EUR 129.90 (DE)</subfield>
   <subfield code="9">978-3-534-25798-0</subfield>
  </datafield>
  <datafield tag="024" ind1="3" ind2=" ">
   <subfield code="a">9783534257980</subfield>
  </datafield>
  <datafield tag="035" ind1=" " ind2=" ">
   <subfield code="a">(DE-627)747160821</subfield>
  </datafield>
  <datafield tag="035" ind1=" " ind2=" ">
   <subfield code="a">(DE-576)392159260</subfield>
  </datafield>
  <datafield tag="035" ind1=" " ind2=" ">
   <subfield code="a">(DE-599)DNB1034546937</subfield>
  </datafield>
  <datafield tag="035" ind1=" " ind2=" ">
   <subfield code="a">(OCoLC)869741435</subfield>
  </datafield>
  <datafield tag="035" ind1=" " ind2=" ">
   <subfield code="a">(OCoLC)862796346</subfield>
  </datafield>
  <datafield tag="040" ind1=" " ind2=" ">
   <subfield code="a">DE-627</subfield>
   <subfield code="b">ger</subfield>
   <subfield code="c">DE-627</subfield>
   <subfield code="e">rda</subfield>
  </datafield>
  <datafield tag="041" ind1=" " ind2=" ">
   <subfield code="a">ger</subfield>
   <subfield code="a">lat</subfield>
  </datafield>
  <datafield tag="044" ind1=" " ind2=" ">
   <subfield code="c">XA-DE-HE</subfield>
  </datafield>
  <datafield tag="082" ind1="0" ind2=" ">
   <subfield code="a">745.670944</subfield>
  </datafield>
  <datafield tag="082" ind1="0" ind2="4">
   <subfield code="a">740</subfield>
   <subfield code="a">090</subfield>
   <subfield code="a">230</subfield>
   <subfield code="q">DNB</subfield>
  </datafield>
  <datafield tag="082" ind1="0" ind2="4">
   <subfield code="a">700</subfield>
  </datafield>
  <datafield tag="084" ind1=" " ind2=" ">
   <subfield code="a">8,1</subfield>
   <subfield code="2">ssgn</subfield>
  </datafield>
  <datafield tag="084" ind1=" " ind2=" ">
   <subfield code="a">9,10</subfield>
   <subfield code="2">ssgn</subfield>
  </datafield>
  <datafield tag="084" ind1=" " ind2=" ">
   <subfield code="a">AM 59450</subfield>
   <subfield code="q">BVB</subfield>
   <subfield code="2">rvk</subfield>
   <subfield code="0">(DE-625)rvk/4400:</subfield>
  </datafield>
  <datafield tag="084" ind1=" " ind2=" ">
   <subfield code="a">AM 59250</subfield>
   <subfield code="2">rvk</subfield>
   <subfield code="0">(DE-625)rvk/4396:</subfield>
  </datafield>
  <datafield tag="084" ind1=" " ind2=" ">
   <subfield code="a">AM 49200</subfield>
   <subfield code="2">rvk</subfield>
   <subfield code="0">(DE-625)rvk/4331:</subfield>
  </datafield>
  <datafield tag="084" ind1=" " ind2=" ">
   <subfield code="a">02.01</subfield>
   <subfield code="2">bkl</subfield>
  </datafield>
  <datafield tag="084" ind1=" " ind2=" ">
   <subfield code="a">06.12</subfield>
   <subfield code="2">bkl</subfield>
  </datafield>
  <datafield tag="084" ind1=" " ind2=" ">
   <subfield code="a">06.15</subfield>
   <subfield code="2">bkl</subfield>
  </datafield>
  <datafield tag="084" ind1=" " ind2=" ">
   <subfield code="a">11.52</subfield>
   <subfield code="2">bkl</subfield>
  </datafield>
  <datafield tag="090" ind1=" " ind2=" ">
   <subfield code="a">a</subfield>
  </datafield>
  <datafield tag="130" ind1="0" ind2=" ">
   <subfield code="a">Liber floridus</subfield>
   <subfield code="g">Herzog August Bibliothek</subfield>
   <subfield code="n">Cod. 1 Gud. lat</subfield>
   <subfield code="0">(DE-588)1044068841</subfield>
   <subfield code="0">(DE-627)771385919</subfield>
   <subfield code="0">(DE-576)396686605</subfield>
  </datafield>
  <datafield tag="245" ind1="1" ind2="4">
   <subfield code="a">Der Liber floridus in Wolfenbüttel</subfield>
   <subfield code="b">eine Prachthandschrift über Himmel und Erde</subfield>
   <subfield code="c">Christian Heitzmann; Patrizia Carmassi</subfield>
  </datafield>
  <datafield tag="250" ind1=" " ind2=" ">
   <subfield code="a">Einmalige Auflage, nummeriert und limitiert</subfield>
  </datafield>
  <datafield tag="264" ind1=" " ind2="1">
   <subfield code="a">Darmstadt</subfield>
   <subfield code="b">WBG (Wissenschaftliche Buchgesellschaft)</subfield>
   <subfield code="c">2014</subfield>
  </datafield>
  <datafield tag="300" ind1=" " ind2=" ">
   <subfield code="a">288 Seiten</subfield>
   <subfield code="b">Illustrationen</subfield>
   <subfield code="c">38 cm</subfield>
  </datafield>
  <datafield tag="336" ind1=" " ind2=" ">
   <subfield code="a">Text</subfield>
   <subfield code="b">txt</subfield>
   <subfield code="2">rdacontent</subfield>
  </datafield>
  <datafield tag="337" ind1=" " ind2=" ">
   <subfield code="a">ohne Hilfsmittel zu benutzen</subfield>
   <subfield code="b">n</subfield>
   <subfield code="2">rdamedia</subfield>
  </datafield>
  <datafield tag="338" ind1=" " ind2=" ">
   <subfield code="a">Band</subfield>
   <subfield code="b">nc</subfield>
   <subfield code="2">rdacarrier</subfield>
  </datafield>
  <datafield tag="500" ind1=" " ind2=" ">
   <subfield code="a">Verfasser der Handschrift ist Lambert von Saint-Omer</subfield>
  </datafield>
  <datafield tag="500" ind1=" " ind2=" ">
   <subfield code="a">Die einmalige Auflage ist nummeriert und limitiert auf 799 Exemplare</subfield>
  </datafield>
  <datafield tag="500" ind1=" " ind2=" ">
   <subfield code="a">Enthält: Reprint der Handschrift</subfield>
  </datafield>
  <datafield tag="546" ind1=" " ind2=" ">
   <subfield code="a">Text des Faksimile lateinisch, Einleitung deutsch</subfield>
  </datafield>
  <datafield tag="583" ind1="1" ind2=" ">
   <subfield code="a">Archivierung/Langzeitarchivierung gewährleistet</subfield>
   <subfield code="c">20211027</subfield>
   <subfield code="f">SLG</subfield>
   <subfield code="x">XA-DE-BW</subfield>
   <subfield code="z">Rara</subfield>
   <subfield code="2">pdager</subfield>
   <subfield code="5">DE-25</subfield>
  </datafield>
  <datafield tag="583" ind1="1" ind2=" ">
   <subfield code="a">Archivierung/Langzeitarchivierung gewährleistet</subfield>
   <subfield code="f">SSG</subfield>
   <subfield code="x">XA-DE-BW</subfield>
   <subfield code="2">pdager</subfield>
   <subfield code="5">DE-16</subfield>
  </datafield>
  <datafield tag="655" ind1=" " ind2="7">
   <subfield code="a">Faksimile</subfield>
   <subfield code="0">(DE-588)4153591-1</subfield>
   <subfield code="0">(DE-627)104339624</subfield>
   <subfield code="0">(DE-576)209804548</subfield>
   <subfield code="2">gnd-content</subfield>
  </datafield>
  <datafield tag="689" ind1="0" ind2="0">
   <subfield code="d">u</subfield>
   <subfield code="0">(DE-588)1044068841</subfield>
   <subfield code="0">(DE-627)771385919</subfield>
   <subfield code="0">(DE-576)396686605</subfield>
   <subfield code="a">Lambertus</subfield>
   <subfield code="c">Audomarensis</subfield>
   <subfield code="t">Liber floridus</subfield>
   <subfield code="g">Herzog August Bibliothek</subfield>
   <subfield code="n">Cod. 1 Gud. lat.</subfield>
   <subfield code="2">gnd</subfield>
  </datafield>
  <datafield tag="689" ind1="0" ind2=" ">
   <subfield code="5">DE-101</subfield>
  </datafield>
  <datafield tag="689" ind1="1" ind2="0">
   <subfield code="d">u</subfield>
   <subfield code="0">(DE-588)4564211-4</subfield>
   <subfield code="0">(DE-627)305146246</subfield>
   <subfield code="0">(DE-576)21375584X</subfield>
   <subfield code="a">Lambertus</subfield>
   <subfield code="c">Audomarensis</subfield>
   <subfield code="t">Liber floridus</subfield>
   <subfield code="2">gnd</subfield>
  </datafield>
  <datafield tag="689" ind1="1" ind2=" ">
   <subfield code="5">(DE-627)</subfield>
  </datafield>
  <datafield tag="700" ind1="0" ind2=" ">
   <subfield code="a">Lambertus</subfield>
   <subfield code="c">Audomarensis</subfield>
   <subfield code="e">VerfasserIn</subfield>
   <subfield code="0">(DE-588)100951325</subfield>
   <subfield code="0">(DE-627)076676943</subfield>
   <subfield code="0">(DE-576)161893163</subfield>
   <subfield code="4">aut</subfield>
  </datafield>
  <datafield tag="700" ind1="1" ind2=" ">
   <subfield code="a">Heitzmann, Christian</subfield>
   <subfield code="d">1965-</subfield>
   <subfield code="e">HerausgeberIn</subfield>
   <subfield code="0">(DE-588)17330866X</subfield>
   <subfield code="0">(DE-627)698226151</subfield>
   <subfield code="0">(DE-576)13415682X</subfield>
   <subfield code="4">edt</subfield>
  </datafield>
  <datafield tag="700" ind1="1" ind2=" ">
   <subfield code="a">Carmassi, Patrizia</subfield>
   <subfield code="d">1962-</subfield>
   <subfield code="e">HerausgeberIn</subfield>
   <subfield code="0">(DE-588)173476856</subfield>
   <subfield code="0">(DE-627)704733218</subfield>
   <subfield code="0">(DE-576)184087384</subfield>
   <subfield code="4">edt</subfield>
  </datafield>
  <datafield tag="710" ind1="2" ind2=" ">
   <subfield code="a">Wissenschaftliche Buchgesellschaft</subfield>
   <subfield code="e">Verlag</subfield>
   <subfield code="0">(DE-588)2026418-5</subfield>
   <subfield code="0">(DE-627)102227802</subfield>
   <subfield code="0">(DE-576)191786551</subfield>
   <subfield code="4">pbl</subfield>
  </datafield>
  <datafield tag="751" ind1=" " ind2=" ">
   <subfield code="a">Darmstadt</subfield>
   <subfield code="0">(DE-588)4011077-1</subfield>
   <subfield code="0">(DE-627)106354434</subfield>
   <subfield code="0">(DE-576)208891749</subfield>
   <subfield code="4">pup</subfield>
  </datafield>
  <datafield tag="776" ind1="1" ind2=" ">
   <subfield code="z">9783534735990</subfield>
   <subfield code="c">eBook (PDF)</subfield>
  </datafield>
  <datafield tag="787" ind1="0" ind2="8">
   <subfield code="i">Rezensiert in</subfield>
   <subfield code="a">Worm, Andrea, 1972 - </subfield>
   <subfield code="t">[Rezension von: Patrizia Carmassi / Christian Heitzmann, Der Liber Floridus in Wolfenbüttel]</subfield>
   <subfield code="d">2016</subfield>
   <subfield code="w">(DE-627)1795863625</subfield>
  </datafield>
  <datafield tag="856" ind1="4" ind2="2">
   <subfield code="u">https://d-nb.info/1034546937/04</subfield>
   <subfield code="m">B:DE-101</subfield>
   <subfield code="q">application/pdf</subfield>
   <subfield code="3">Inhaltsverzeichnis</subfield>
  </datafield>
  <datafield tag="856" ind1="4" ind2="2">
   <subfield code="u">http://deposit.dnb.de/cgi-bin/dokserv?id=4330148&amp;prov=M&amp;dok_var=1&amp;dok_ext=htm</subfield>
   <subfield code="q">text/html</subfield>
   <subfield code="x">Verlag</subfield>
   <subfield code="3">Inhaltstext</subfield>
  </datafield>
  <datafield tag="856" ind1="4" ind2="2">
   <subfield code="u">https://swbplus.bsz-bw.de/bsz392159260rez.htm</subfield>
   <subfield code="m">B:DE-576;DE-16</subfield>
   <subfield code="q">application/pdf</subfield>
   <subfield code="v">20160331151854</subfield>
   <subfield code="x">Verlag</subfield>
   <subfield code="3">Rezension</subfield>
  </datafield>
  <datafield tag="856" ind1="4" ind2="2">
   <subfield code="u">http://www.sehepunkte.de/2016/03/25308.html</subfield>
   <subfield code="m">V:DE-576;X:Sehepunkte</subfield>
   <subfield code="q">text/html</subfield>
   <subfield code="v">20180419093535</subfield>
   <subfield code="3">Rezension</subfield>
  </datafield>
  <datafield tag="935" ind1=" " ind2=" ">
   <subfield code="i">sf</subfield>
  </datafield>
  <datafield tag="935" ind1=" " ind2=" ">
   <subfield code="i">Blocktest</subfield>
  </datafield>
  <datafield tag="936" ind1="r" ind2="v">
   <subfield code="a">AM 59450</subfield>
   <subfield code="b">Naturwissenschaftliche Handschriften</subfield>
   <subfield code="k">Allgemeines</subfield>
   <subfield code="k">Schrift und Handschriftenkunde. Schriftarten und Schreiben</subfield>
   <subfield code="k">Handschriftenkunde</subfield>
   <subfield code="k">Sonderfragen des Handschriftenwesens</subfield>
   <subfield code="k">Faksimile-Ausgaben (Serien)</subfield>
   <subfield code="k">Naturwissenschaftliche Handschriften</subfield>
   <subfield code="0">(DE-627)1270666673</subfield>
   <subfield code="0">(DE-625)rvk/4400:</subfield>
   <subfield code="0">(DE-576)200666673</subfield>
  </datafield>
  <datafield tag="936" ind1="r" ind2="v">
   <subfield code="a">AM 59250</subfield>
   <subfield code="b">Historische Handschriften, Chroniken, Topografie</subfield>
   <subfield code="k">Allgemeines</subfield>
   <subfield code="k">Schrift und Handschriftenkunde. Schriftarten und Schreiben</subfield>
   <subfield code="k">Handschriftenkunde</subfield>
   <subfield code="k">Sonderfragen des Handschriftenwesens</subfield>
   <subfield code="k">Faksimile-Ausgaben (Serien)</subfield>
   <subfield code="k">Historische Handschriften, Chroniken, Topografie</subfield>
   <subfield code="0">(DE-627)1270666630</subfield>
   <subfield code="0">(DE-625)rvk/4396:</subfield>
   <subfield code="0">(DE-576)200666630</subfield>
  </datafield>
  <datafield tag="936" ind1="r" ind2="v">
   <subfield code="a">AM 49200</subfield>
   <subfield code="b">Einzelne Handschriften</subfield>
   <subfield code="k">Allgemeines</subfield>
   <subfield code="k">Schrift und Handschriftenkunde. Schriftarten und Schreiben</subfield>
   <subfield code="k">Handschriftenkunde</subfield>
   <subfield code="k">Handschriftenbeschreibung inhaltlich und Literatur über Handschriften</subfield>
   <subfield code="k">Einzelne Handschriften</subfield>
   <subfield code="0">(DE-627)1270666215</subfield>
   <subfield code="0">(DE-625)rvk/4331:</subfield>
   <subfield code="0">(DE-576)200666215</subfield>
  </datafield>
  <datafield tag="936" ind1="b" ind2="k">
   <subfield code="a">02.01</subfield>
   <subfield code="j">Geschichte der Wissenschaft und Kultur</subfield>
   <subfield code="0">(DE-627)106403168</subfield>
  </datafield>
  <datafield tag="936" ind1="b" ind2="k">
   <subfield code="a">06.12</subfield>
   <subfield code="j">Kodikologie</subfield>
   <subfield code="0">(DE-627)106416537</subfield>
  </datafield>
  <datafield tag="936" ind1="b" ind2="k">
   <subfield code="a">06.15</subfield>
   <subfield code="j">Faksimiles</subfield>
   <subfield code="x">Abendländische Handschriftenkunde</subfield>
   <subfield code="0">(DE-627)106402935</subfield>
  </datafield>
  <datafield tag="936" ind1="b" ind2="k">
   <subfield code="a">11.52</subfield>
   <subfield code="j">Mittelalterliches Christentum</subfield>
   <subfield code="0">(DE-627)10641965X</subfield>
  </datafield>
  <datafield tag="951" ind1=" " ind2=" ">
   <subfield code="a">BO</subfield>
  </datafield>
  <datafield tag="990" ind1=" " ind2=" ">
   <subfield code="a">Lambertus &lt;Audomarensis&gt; / Liber floridus</subfield>
  </datafield>
  <datafield tag="990" ind1=" " ind2=" ">
   <subfield code="a">Lambertus &lt;Audomarensis&gt; / Liber floridus</subfield>
  </datafield>
  <datafield tag="991" ind1=" " ind2=" ">
   <subfield code="a">Rezensiertes Werk</subfield>
  </datafield>
  <datafield tag="999" ind1=" " ind2=" ">
   <subfield code="a">KXP-PPN747160821</subfield>
   <subfield code="e">4182352416</subfield>
  </datafield>
 </record>
</collection>
